|
|
|
|
| LEADER |
00000naa2a2200000 4500 |
| 001 |
49454 |
| 005 |
20231227150524.0 |
| 035 |
|
|
|a (RuTPU)RU\TPU\book\51775
|
| 035 |
|
|
|a RU\TPU\tpu\9821
|
| 090 |
|
|
|a 49454
|
| 100 |
|
|
|a 20030401d1998 k y0rusy50 ca
|
| 101 |
0 |
|
|a rus
|
| 102 |
|
|
|a RU
|
| 200 |
1 |
|
|a Влияние примесей на вязкость амальгамы лития
|f И. А. Тихомиров, А. А. Орлов, Д. Г. Видяев
|
| 320 |
|
|
|a Библиогр.: с. 90 (1 назв.)
|
| 463 |
|
1 |
|0 (RuTPU)RU\TPU\book\8059
|t Международная конференция "Радиационно-термические эффекты и процессы в неорганических материалах", 22-25 сентября 1998 г., г. Томск
|o тезисы докладов
|f Томский политехнический университет
|v С. 88-90
|d 1998
|p 210 с.
|
| 610 |
1 |
|
|a труды учёных ТПУ
|
| 700 |
|
1 |
|a Тихомиров
|b И. А.
|c российский физик
|c доктор физико-математических наук, профессор Томского политехнического университета
|f 1921-2010
|g Иван Арсентьевич
|3 (RuTPU)RU\TPU\pers\18334
|
| 701 |
|
1 |
|a Орлов
|b А. А.
|c физик
|c профессор Томского политехнического университета, доктор технических наук
|f 1962-
|g Алексей Алексеевич
|3 (RuTPU)RU\TPU\pers\25498
|4 070
|9 11434
|
| 701 |
|
1 |
|a Видяев
|b Д. Г.
|c физик
|c доцент Томского политехнического университета, доктор технических наук
|f 1973-
|g Дмитрий Геннадьевич
|3 (RuTPU)RU\TPU\pers\28271
|4 070
|9 13215
|
| 801 |
|
1 |
|a RU
|b 63413507
|c 20021017
|g PSBO
|
| 801 |
|
2 |
|a RU
|b 63413507
|c 20140526
|g PSBO
|
| 942 |
|
|
|c BK
|